| 000 | 00851nam a2200253 a 4500 | ||
|---|---|---|---|
| 999 |
_c2112 _d2112 |
||
| 008 | 200212s2018 ii ad||| m|||a00| 0 eng d | ||
| 040 |
_aKO _beng |
||
| 041 | 0 | _aeng | |
| 044 | _aii | ||
| 082 | 0 | 4 |
_223 _a378.242 _bPRM1628 |
| 100 | 1 |
_aKethagani, Thrinadh _eResearcher |
|
| 245 | 1 | 0 |
_aA Study On Inventory management In Sujana Metal Products Limited / _cThrinadh Kethagani ; Dr. Jayan P. A. |
| 260 |
_aKochi : _bIndian Maritime University, _c2018 |
||
| 300 |
_a69 p. : _bill., charts ; _c29 cm. |
||
| 490 | 0 |
_aMBA Project 2016-18 ; _v1605305028 |
|
| 502 | _aProject (MBA)–Indian Maritime University. School of Maritime Management, 2018. | ||
| 650 | 0 | _aInventory control | |
| 650 | 0 | _aMetal products | |
| 655 | 7 |
_2lcsh _aDissertations, Academic _y2018 |
|
| 700 | 1 |
_aP. A. ,Jayan _cDr. _eGuide |
|
| 904 | _aReshma_R | ||
| 942 | _cTH | ||